20 Most Famous Countries in Japanese - Statistics

General Stats
  • This quiz has been taken 263 times
  • The average score is 16 of 21
Answer Stats
Answer % Correct
China
97%
United States
97%
France
92%
Germany
91%
United Kingdom
91%
South Korea
90%
Canada
88%
Russia
86%
Australia
85%
India
85%
Thailand
84%
Italy
83%
Spain
83%
Mexico
78%
Brazil
76%
Indonesia
71%
Japan
70%
Iran
46%
Iraq
42%
Pakistan
37%
Peru
35%
No matching quizzes found
Score Distribution
Percent of People with Each Score
Percentile by Number Answered
Your Score History
You have not taken this quiz